000 00355nam a22001457a 4500
003 MACL
005 20190129153729.0
008 190129b xxu||||| |||| 00| 0 eng d
040 _cMACL
100 _aJoshi, Mukund
_973721
245 _aTextbook of Field Crops
260 _aDelhi
_bPHI Learning
_c2015
650 _aAgriculture
_973722
942 _2ddc
_cBK
999 _c58938
_d58938